Statistics for Malta... or Cyprus?

Click here to take the quiz!

General Stats

  • This quiz has been taken 206 times
  • The average score is 11 of 15

Answer Stats

QuestionAnswer% Correct
Has the capital of Valletta?Malta
99%
Is bigger in area?Cyprus
97%
Are in the Mediterranean Sea?Both
96%
Has red on its flag?Malta
96%
Has Turkish as one of its official languages?Cyprus
93%
Has a higher population density?Malta
82%
Uses the currency of Euro?Both
79%
Its main religion is Orthodox Christianity?Cyprus
76%
Is considered a country of the Middle East?Cyprus
73%
Is considered a transcontinental country? (meaning it's a country belonging to two continents)Cyprus
73%
Has Mount Olympos?Cyprus
72%
Have a population above 2 million?Neither
61%
Has English as one of its official languages?Malta
58%
Has more rainfall?Malta
51%
Drives on the left side of the road?Both
38%

Score Distribution

Percentile by Number Answered

Percent of People with Each Score

Your Score History

You have not taken this quiz